Collins compact dictionary / (Record no. 69365)

MARC details
000 -LEADER
fixed length control field 00828nam a22002177a 4500
005 - DATE AND TIME OF LATEST TRANSACTION
control field 20120903110957.0
010 ## - LCCN (DPL NO)
LC control number B-464458
020 ## - INTERNATIONAL STANDARD BOOK NUMBER
International Standard Book Number 9788172235567
Terms of availability 249.00
035 ## - SYSTEM CONTROL NUMBER
System control number B-464458
037 ## - SOURCE OF ACQUISITION
Stock number dpl
Source of stock number/acquisition K.K. Pub/Ven
082 ## - DEWEY DECIMAL CLASSIFICATION NUMBER
Classification number 483
245 ## - TITLE STATEMENT
Title Collins compact dictionary /
246 ## - VARYING FORM OF TITLE
Title proper/short title Collins compact English dictionary
260 ## - PUBLICATION, DISTRIBUTION, ETC. (IMPRINT)
Place of publication, distribution, etc Britain
Name of publisher, distributor, etc Harper Collins
Date of publication, distribution, etc 2002
270 ## - ADDRESS
Address Westerhill Road,Bishopbriggs,Glasgow
City Great Britian
Postal code G64 2QT
300 ## - PHYSICAL DESCRIPTION
Extent x 1093p.
Dimensions 18cm.(Hb)
700 ## - ADDED ENTRY--PERSONAL NAME
Personal name Sheth, Suchitra
9 (RLIN) 51626
942 ## - ADDED ENTRY ELEMENTS (KOHA)
Source of classification or shelving scheme Dewey Decimal Classification
Item type English Books
Call number suffix COL
Classification part 483
Holdings
Withdrawn status Lost status Not for loan Collection code Home library Current library Date acquired Source of acquisition Cost, normal purchase price Full call number Barcode Copy number Cost, replacement price Koha item type
  Written-off vide DLB M. No. 383 dt 16.05.19 Not For Loan Reference Central Library Central Library 05/09/2012 K.K.Pub/BL1714/16.02.2012/29/24.01.2012/12.03.2012 249.00 483 COL B-464458 1 249.00 English Books

© Delhi Public Library
Hit Counter
free hit counter